[Event "GER-ch U12"]
[Site "Willingen"]
[Date "2004.06.02"]
[Round "7"]
[White "Sancar, Kenan"]
[Black "Khitov, Roman"]
[Result "1/2-1/2"]
[WhiteElo "1367"]
[BlackElo "957"]
[PlyCount "70"]
[EventDate "2004.06.??"]
[EventType "swiss"]
[EventRounds "11"]
[EventCountry "GER"]
[SourceTitle "EXT 2005"]
[Source "ChessBase"]
[SourceDate "2004.11.15"]
[SourceVersion "1"]
[SourceVersionDate "2004.11.15"]
[SourceQuality "1"]

1. e4 d5 2. exd5 Nf6 3. Bb5+ Bd7 4. Be2 Nxd5 5. d4 Nc6 6. Nf3 Bf5 7. 0-0 e6 8. Re1 Qd7 9. Bb5 Qd6 10. Ne5 Nde7 11. c3 a6 12. Ba4 f6 13. Nf3 0-0-0 14. b4 Na7 15. Be3 Nd5 16. Bb3 Bxb1 17. Bxd5 Qxd5 18. Qxb1 Nb5 19. Qc2 Na3 20. Qb3 Qxb3 21. axb3 Nc2 22. Rac1 Nxe1 23. Rxe1 Bd6 24. Bd2 Rhe8 25. c4 c6 26. Kf1 Rd7 27. d5 cxd5 28. cxd5 Rde7 29. dxe6 Rxe6 30. Rc1+ Kb8 31. Nd4 R6e7 32. Nf5 Rd7 33. Nxd6 Rxd6 34. Bf4 Red8 35. Bxd6+ Rxd6 1/2-1/2

[Event "GER-ch U12"]
[Site "Willingen"]
[Date "2004.05.31"]
[Round "5"]
[White "Gremmer, Jan"]
[Black "Khitov, Roman"]
[Result "1/2-1/2"]
[WhiteElo "1240"]
[BlackElo "957"]
[PlyCount "88"]
[EventDate "2004.06.??"]
[EventType "swiss"]
[EventRounds "11"]
[EventCountry "GER"]
[SourceTitle "EXT 2005"]
[Source "ChessBase"]
[SourceDate "2004.11.15"]
[SourceVersion "1"]
[SourceVersionDate "2004.11.15"]
[SourceQuality "1"]

1. e4 d5 2. exd5 Nf6 3. Nc3 Nxd5 4. Nxd5 Qxd5 5. Nf3 Bg4 6. Be2 Nc6 7. d4 e6 8. 0-0 0-0-0 9. c3 f5 10. Ng5 Bxe2 11. Qxe2 Re8 12. Re1 Nd8 13. Bf4 h6 14. Nf3 g5 15. Bd2 g4 16. Ne5 h5 17. Bg5 Nc6 18. Ng6 Rg8 19. Nxf8 Rgxf8 20. b3 Nd8 21. Bxd8 Qxd8 22. Qc4 Qf6 23. Re2 Rf7 24. Rae1 Rfe7 25. b4 e5 26. dxe5 Rxe5 27. Rxe5 Rxe5 28. Rd1 Qe7 29. Qg8+ Qe8 30. Qxe8+ Rxe8 31. f3 Re3 32. fxg4 fxg4 33. c4 Re4 34. Rd5 Rxc4 35. Rxh5 Rxb4 36. Rh4 Rd4 37. Kf2 c5 38. Ke3 b5 39. h3 gxh3 40. Rxh3 a5 41. Rh5 Rc4 42. Kf3 b4 43. g4 Rc3+ 44. Kf4 Rc4+ 1/2-1/2

[Event "GER-ch U10"]
[Site "Willingen"]
[Date "2003.06.12"]
[Round "9"]
[White "Khitov, Roman"]
[Black "Spangenberg, Romy"]
[Result "1/2-1/2"]
[WhiteElo "948"]
[BlackElo "833"]
[PlyCount "82"]
[EventDate "2003.06.08"]
[EventType "swiss"]
[EventRounds "11"]
[EventCountry "GER"]
[SourceTitle "CBM 094 Extra"]
[Source "ChessBase"]
[SourceDate "2003.07.09"]
[SourceVersion "2"]
[SourceVersionDate "2003.07.09"]
[SourceQuality "1"]

1. e4 e5 2. Nf3 Nc6 3. d4 exd4 4. Nxd4 Bc5 5. Nxc6 bxc6 6. Nc3 d6 7. Bc4 Nf6 8. Bg5 h6 9. Bh4 Be6 10. Bxe6 fxe6 11. Qe2 0-0 12. e5 dxe5 13. Qxe5 Qc8 14. Qxe6+ Kh8 15. Qxc6 Rb8 16. b3 Bb4 17. 0-0 Rb6 18. Qc4 Be7 19. Bxf6 Bxf6 20. Rad1 Qe8 21. Nd5 Rc6 22. Nxc7 Rxc4 23. Nxe8 Rxc2 24. Nxf6 Rxf6 25. a4 Rb6 26. Rd7 Ra6 27. h4 Rb2 28. Rb7 Rxa4 29. bxa4 Rxb7 30. g3 Rb4 31. Ra1 a5 32. Kg2 Kh7 33. Kf3 g5 34. hxg5 hxg5 35. Ke3 Kh6 36. Kd3 Rb2 37. f3 Rb3+ 38. Ke2 g4 39. Rf1 Kg5 40. f4+ Kf5 41. Kf2 Ra3 1/2-1/2

[Event "GER-ch U10"]
[Site "Willingen"]
[Date "2003.06.09"]
[Round "3"]
[White "Bauer, Julia"]
[Black "Khitov, Roman"]
[Result "0-1"]
[WhiteElo "812"]
[BlackElo "948"]
[PlyCount "54"]
[EventDate "2003.06.08"]
[EventType "swiss"]
[EventRounds "11"]
[EventCountry "GER"]
[SourceTitle "CBM 094 Extra"]
[Source "ChessBase"]
[SourceDate "2003.07.09"]
[SourceVersion "2"]
[SourceVersionDate "2003.07.09"]
[SourceQuality "1"]

1. e4 d5 2. exd5 Nf6 3. Nc3 Nxd5 4. Nxd5 Qxd5 5. d4 Nc6 6. Be3 Bf5 7. Qd2 0-0-0 8. 0-0-0 e5 9. dxe5 Qxa2 10. Qxd8+ Nxd8 11. Ne2 Qa1+ 12. Kd2 Bb4+ 13. c3 Qxb2+ 14. Ke1 Bxc3+ 15. Bd2 Bxd2+ 16. Rxd2 Qxe5 17. Kd1 Nc6 18. f4 Qa1+ 19. Nc1 Rd8 20. Rd3 Rxd3+ 21. Bxd3 Bxd3 22. Kd2 Nb4 23. Nxd3 Qxh1 24. Nxb4 Qxg2+ 25. Kd3 Qxh2 26. Nd5 h5 27. f5 g5 0-1

[Event "Saarlouis op 6th"]
[Site "Saarlouis"]
[Date "2003.05.31"]
[Round "5"]
[White "Khitov, Roman"]
[Black "Hoefer, Michael"]
[Result "0-1"]
[WhiteElo "1200"]
[BlackElo "1200"]
[PlyCount "54"]
[EventDate "2003.05.??"]
[EventType "swiss"]
[EventRounds "7"]
[EventCountry "GER"]
[SourceTitle "EXT 2006"]
[Source "ChessBase"]
[SourceDate "2005.11.24"]
[SourceVersion "1"]
[SourceVersionDate "2005.11.24"]
[SourceQuality "1"]

1. e4 b6 2. Nc3 Bb7 3. d4 d6 4. Be3 g6 5. Nf3 Bg7 6. Bc4 Nd7 7. Qd2 Ngf6 8. d5 Ng4 9. h3 Nge5 10. Nxe5 Nxe5 11. Bb5+ c6 12. dxc6 Bxc6 13. Bxc6+ Nxc6 14. Bh6 0-0 15. Bxg7 Kxg7 16. 0-0-0 b5 17. Nxb5 Rb8 18. Nc3 Qb6 19. b3 Ne5 20. Nd5 Qb5 21. Nxe7 Nc4 22. Qd4+ Ne5 23. f4 Rfe8 24. Nd5 Rbc8 25. fxe5 dxe5 26. Qxa7 Qe2 27. Rhf1 Qxc2# 0-1

[Event "Saarlouis op 6th"]
[Site "Saarlouis"]
[Date "2003.05.29"]
[Round "3"]
[White "Khitov, Roman"]
[Black "Ihloff, Heiko"]
[Result "0-1"]
[WhiteElo "1200"]
[BlackElo "1259"]
[PlyCount "112"]
[EventDate "2003.05.??"]
[EventType "swiss"]
[EventRounds "7"]
[EventCountry "GER"]
[SourceTitle "EXT 2006"]
[Source "ChessBase"]
[SourceDate "2005.11.24"]
[SourceVersion "1"]
[SourceVersionDate "2005.11.24"]
[SourceQuality "1"]

1. e4 e6 2. d4 d5 3. e5 c5 4. Nc3 cxd4 5. Qxd4 Nc6 6. Bb5 a6 7. Bxc6+ bxc6 8. a3 Bb7 9. Be3 c5 10. Qa4+ Qd7 11. Qxd7+ Kxd7 12. Na4 d4 13. Nb6+ Kd8 14. Nxa8 dxe3 15. fxe3 Bxg2 16. 0-0-0+ Ke7 17. Ne2 Bxa8 18. Rhg1 g6 19. Rd6 Bg7 20. Rgd1 Bxe5 21. Rxa6 Bd5 22. Ra7+ Kf8 23. Rf1 Nf6 24. Nf4 Kg7 25. Nxd5 exd5 26. h3 Rb8 27. b3 h5 28. Re7 Bc3 29. Rc7 c4 30. bxc4 dxc4 31. Rxc4 Bb2+ 32. Kd2 Bxa3 33. Rc6 Bd6 34. Ke2 Be5 35. c4 Ne4 36. Rf3 Ng5 37. Rf1 Nxh3 38. Rc5 f6 39. Ra5 Rb2+ 40. Kd3 Nf2+ 41. Rxf2 Rxf2 42. c5 h4 43. c6 h3 44. Rc5 Bc7 45. e4 h2 46. Rc1 Rg2 47. Rh1 Rg1 48. Rxg1 hxg1Q 49. Ke2 Bb6 50. Kd3 Qd4+ 51. Ke2 Qe3+ 52. Kd1 Ba5 53. Kc2 Qc3+ 54. Kb1 Qd2 55. c7 Bc3 56. c8Q Qb2# 0-1

[Event "Saarlouis op 6th"]
[Site "Saarlouis"]
[Date "2003.05.28"]
[Round "1"]
[White "Khitov, Roman"]
[Black "Toth, Charles"]
[Result "0-1"]
[WhiteElo "1200"]
[BlackElo "1840"]
[PlyCount "60"]
[EventDate "2003.05.??"]
[EventType "swiss"]
[EventRounds "7"]
[EventCountry "GER"]
[SourceTitle "EXT 2006"]
[Source "ChessBase"]
[SourceDate "2005.11.24"]
[SourceVersion "1"]
[SourceVersionDate "2005.11.24"]
[SourceQuality "1"]

1. e4 Nf6 2. e5 Nd5 3. d4 d6 4. Nf3 Bg4 5. Be2 Bxf3 6. Bxf3 dxe5 7. dxe5 c6 8. 0-0 e6 9. c4 Nb4 10. Qxd8+ Kxd8 11. Bg5+ Be7 12. Bxe7+ Kxe7 13. Nc3 Nd7 14. Rae1 Nd3 15. Re2 N3xe5 16. Rfe1 Nxc4 17. b3 Nd6 18. Bg4 Kd8 19. Ne4 Nxe4 20. Rxe4 Kc7 21. Rf4 Nf6 22. Rd4 Rad8 23. Ra4 Kb8 24. Be2 Rd2 25. a3 Rhd8 26. Rc4 Rxe2 27. Rf1 Rdd2 28. f3 Rxg2+ 29. Kh1 Rxh2+ 30. Kg1 Rdg2# 0-1